000 00457nam a2200181 a 4500
001 14740
003 CO-ViMGA
008 141112s2004 ck r 000 u spa d
020 _a9586155617
040 _aCO-ViMGA
_bspa
_cCO-ViMGA
082 0 4 _a862.3 C153l
100 1 _aCalderon de la Barca, Pedro
_915416
245 1 0 _aLa Vida es sueño
260 _aBogotá.Educar cultural.2000
300 _a136.p.
650 1 4 _aTEATRO ESPAÑOL
_95746
942 _2ddc
_cBK
999 _c25247
_d25247